00362nam a2200133Ia 45000030006000000080041000060400015000471000017000622450093000792500010001722600017001825460012001990050017002110STCL150530s9999 xx 000 0 und d aSTCLcSTCL aSeshadri, S. aParliamentary control over finance a study at the public accounts committe of parliament aFirst bAlliedc1975 aEnglish20220125165522.0